Jiří Navrátil: Událost

Podrobná bibliografia
Hlavný autor: Truhlář, Břetislav, 1926-1990 (Autor)
Médium: Článok
Jazyk:slovenčina
Predmet:

MARC

LEADER 00000nab a2200000 a 4500
001 vtls000055051
003 SK-MaSNL
005 20260304075047.0
008 250423c1980 xo 0 slo
015 |a SNBRB19rr/mm-uuuuu 
035 |a CL0065148 
035 |a urn:nbn:sk:snk-abeiqi 
035 |a (urnnbn)urn:nbn:sk:snk:ar-000go5 
035 |a (uuid)5a28456f-8ea2-4b0b-a138-dbc4c1d63221 
040 |a SNKBUCL  |b slo  |c SNKBUCL  |e AACR2 
041 0 |a slo 
044 |a xo  |c SK 
080 |a 82.09:885.0-3(048)  |2 1981 
080 |a 885.0-3(048)  |2 1981 
100 1 |a Truhlář, Břetislav,  |d 1926-1990  |4 aut  |9 185370 
245 1 0 |a Jiří Navrátil: Událost  |c Břetislav Truhlář 
650 0 7 |a česká próza  |2 snkbucl  |9 1179 
655 7 |a recenzie  |2 snkbucl  |9 21907 
655 7 |a články z novín a časopisov  |2 snkbucl  |9 267496 
655 7 |a články z odboru literárna veda a krásna literatúra  |2 snkbucl  |9 770045 
773 0 |t Slovenské pohľady  |g Roč. 96, č. 2 (1980), s. 135-137 
787 0 8 |i Rec.:  |a Navrátil, Jiří  |t Událost  |d Praha : Melantrich, Mladá fronta, 1979 
787 0 8 |i Rec.:  |a Navrátil, Jiří  |t Soudcův sen o řetězech  |d Praha : Melantrich, Mladá fronta, 1979 
850 |a Slovenská národná knižnica 
852 |a Slovenská národná knižnica 
954 |a odborná, vedecká literatúra pôvodná (slovenská)  |2 lita 
954 |a odborná, vedecká literatúra cudzojazyčná (svetová)  |2 lita 
958 |a article27 
958 |a RK 
958 |a CZ 
958 |a LX 
958 |a SK 
958 |a OND 
958 |a EUIPO 
992 |a RBX 
999 |c 2779377  |d 2781307